The self-advocacy movement by people with developmental disabilities : (Record no. 17503)

MARC details
000 -LEADER
fixed length control field 01423pam a2200301 a 4500
001 - CONTROL NUMBER
control field 2525850
003 - CONTROL NUMBER IDENTIFIER
control field OSt
005 - DATE AND TIME OF LATEST TRANSACTION
control field 20211110122500.0
008 - FIXED-LENGTH DATA ELEMENTS--GENERAL INFORMATION
fixed length control field 931217s1994 dcua b 000 0 eng
010 ## - LIBRARY OF CONGRESS CONTROL NUMBER
LC control number 93048121
020 ## - INTERNATIONAL STANDARD BOOK NUMBER
International Standard Book Number 0940898322 (pbk.)
040 ## - CATALOGING SOURCE
Original cataloging agency DLC
Transcribing agency hu
Modifying agency DLC
043 ## - GEOGRAPHIC AREA CODE
Geographic area code n-us---
050 00 - LIBRARY OF CONGRESS CALL NUMBER
Classification number HV1570.5.U65
Item number L65 1994
082 00 - DEWEY DECIMAL CLASSIFICATION NUMBER
Classification number 362.1/968
Edition number 20
100 1# - MAIN ENTRY--PERSONAL NAME
Personal name Longhurst, Nancy Anne.
9 (RLIN) 17695
245 14 - TITLE STATEMENT
Title The self-advocacy movement by people with developmental disabilities :
Remainder of title a demographic study and directory of self-advocacy groups in the United States /
Statement of responsibility, etc. Nancy Anne Longhurst.
260 ## - PUBLICATION, DISTRIBUTION, ETC.
Place of publication, distribution, etc. Washington, D.C. :
Name of publisher, distributor, etc. American Association on Mental Retardation in cooperation with People First of Illinois and the Illinois University Affiliated Program in Developmental Disabilities,
Date of publication, distribution, etc. c1994.
300 ## - PHYSICAL DESCRIPTION
Extent 69 p. :
Other physical details ill. ;
Dimensions 28 cm.
500 ## - GENERAL NOTE
General note Based on the author's thesis (master's)--University of Illinois at Chicago.
504 ## - BIBLIOGRAPHY, ETC. NOTE
Bibliography, etc. note Includes bibliographical references (p. 31-32).
650 #0 - SUBJECT ADDED ENTRY--TOPICAL TERM
Topical term or geographic name entry element Developmentally disabled
General subdivision Services for
Geographic subdivision United States.
9 (RLIN) 17696
650 #0 - SUBJECT ADDED ENTRY--TOPICAL TERM
Topical term or geographic name entry element People with mental disabilities
General subdivision Services for
Geographic subdivision United States.
9 (RLIN) 17697
650 #0 - SUBJECT ADDED ENTRY--TOPICAL TERM
Topical term or geographic name entry element Self-help groups
Geographic subdivision United States.
9 (RLIN) 17698
906 ## - LOCAL DATA ELEMENT F, LDF (RLIN)
a 7
b cbc
c orignew
d 1
e ocip
f 19
g y-gencatlg
942 ## - ADDED ENTRY ELEMENTS (KOHA)
Source of classification or shelving scheme Dewey Decimal Classification
Koha item type Books like text book referance book
Suppress in OPAC No
Holdings
Withdrawn status Lost status Source of classification or shelving scheme Damaged status Not for loan Home library Current library Shelving location Date acquired Total Checkouts Full call number Barcode Date last seen Copy number Price effective from Koha item type
    Dewey Decimal Classification     Social Library Social Library General Stacks 11/10/2021   362,1968/lon SHLIB 00002973 11/10/2021 c1 11/10/2021 Books like text book referance book
    Dewey Decimal Classification     Social Library Social Library General Stacks 11/10/2021   362,1968/lon SHLIB 00002974 11/10/2021 c3 11/10/2021 Books like text book referance book